Loading...
| History - European History | 1 | 4 | 0 | 1 | 55 | 56 | 99.00 | 2 | 3 |
| Literature - American Literature | 0 | 3 | 0 | 0 | 30 | 111 | 131.00 | 0 | 0 |
| History - American History | 0 | 3 | 0 | 1 | 30 | 100 | 111.33 | 0 | 1 |
| Social Science | 0 | 2 | 0 | 0 | 20 | 93 | 107.00 | 0 | 0 |
| History - World History | 1 | 1 | 1 | 0 | 20 | 52 | 75.00 | 2 | 2 |
| Religion | 0 | 2 | 0 | 0 | 20 | 114 | 120.00 | 1 | 2 |
| Philosophy | 0 | 2 | 1 | 1 | 15 | 138 | 138.50 | 0 | 0 |
| Other Academic | 0 | 1 | 0 | 0 | 10 | 100 | 100.00 | 0 | 1 |
| History - Other History | 0 | 1 | 0 | 1 | 10 | 122 | 122.00 | 0 | 0 |
| Fine Arts - Auditory Fine Arts | 0 | 1 | 0 | 0 | 10 | 111 | 111.00 | 0 | 0 |
| Literature - European Literature | 0 | 1 | 1 | 0 | 5 | 122 | 122.00 | 0 | 0 |
| Fine Arts - Visual Fine Arts | 0 | 0 | 0 | 0 | 0 | 0.00 | 0 | 0 | |
| Pop Culture | 0 | 0 | 1 | 0 | -5 | 0.00 | 0 | 0 |